00526nam a2200169Ia 4500003000400000005001700004008004100021020002000062040001000082082002200092100001500114245004300129260006700172300000900239630001800248650009000266OSt20250929122036.0211122s9999||||xx |||||||||||||| ||und|| a9 780000 172853 cSBCL  a894.812107bRAJ-M aRajan, M N 0aMalayalakavithayile Uyarnna Sirassukal bSahithya Pravarthaka Co-Operative Society Ltd aKottayamc2011 a94p. xGeneral Stack a LiteraturevLiteratures of other languages 2Altaic, Uralic, Hyperborean & Dravidian